| 000 | 00501nab a22001457 4500 | ||
|---|---|---|---|
| 003 | ES-SlBCS | ||
| 005 | 20260220190626.0 | ||
| 008 | 250505s2025 it ||||| |||| 00| 0 ita d | ||
| 040 |
_aES-SlBCS _bspa |
||
| 041 | _aita | ||
| 100 | 1 |
_aSilli, Flavia _9193389 |
|
| 245 | 1 | 0 |
_aIntegralità e trascendenza nello spiritualismo di Michele Federico Sciacca _cFlavia Silli |
| 773 | 0 |
_gVol. 119, fasc. 3-4, 2025, págs. 187-198 _tRivista Rosminiana di filosofia e di cultura _wRev394 _x0035-7030 |
|
| 942 |
_2lcc _cAR |
||
| 999 |
_c903879 _d903879 |
||